[Event "Las Americas Team op U2400 Hybrid 2nd"]
[Site "Internet"]
[Date "2022.06.25"]
[Round "5.2"]
[White "Briceno Salas, Gabriel Anselmo"]
[Black "Wilson, Louis"]
[Result "0-1"]
[WhiteElo "1730"]
[BlackElo "1560"]
[PlyCount "46"]
[EventDate "2022.06.25"]
[EventType "team-tourn"]
[EventRounds "5"]
[EventCountry "VEN"]
[SourceTitle "EXT 2024"]
[Source "ChessBase"]
[SourceDate "2023.10.10"]
[SourceVersion "1"]
[SourceVersionDate "2023.10.10"]
[SourceQuality "1"]
[WhiteTeam "Miranda Candidatos a la Elite"]
[BlackTeam "Barbados"]
[WhiteTeamCountry "VEN"]
[BlackTeamCountry "BAR"]

1. e4 c5 2. Nf3 g6 3. d4 cxd4 4. Nxd4 Nc6 5. Nc3 Bg7 6. Be3 Nf6 7. Be2 0-0 8. Qd2 d5 9. Nxc6 bxc6 10. 0-0-0 Qa5 11. Kb1 Rb8 12. e5 Ng4 13. Bxg4 Bxg4 14. f3 Be6 15. f4 Qb4 16. b3 Rfd8 17. Ne2 Qb7 18. Nd4 Bg4 19. Rdg1 c5 20. Ne2 d4 21. Bf2 d3 22. cxd3 Rxd3 23. Qb2 Qe4 0-1

[Event "Las Americas Team op U2400 Hybrid 2nd"]
[Site "Internet"]
[Date "2022.06.25"]
[Round "1.3"]
[White "Wilson, Louis"]
[Black "Jonet, Davena"]
[Result "1-0"]
[WhiteElo "1560"]
[BlackElo "1458"]
[PlyCount "59"]
[EventDate "2022.06.25"]
[EventType "team-tourn"]
[EventRounds "5"]
[EventCountry "VEN"]
[SourceTitle "EXT 2024"]
[Source "ChessBase"]
[SourceDate "2023.10.10"]
[SourceVersion "1"]
[SourceVersionDate "2023.10.10"]
[SourceQuality "1"]
[WhiteTeam "Barbados"]
[BlackTeam "Haiti"]
[WhiteTeamCountry "BAR"]
[BlackTeamCountry "HAI"]

1. e4 d5 2. exd5 Qxd5 3. Nf3 Nf6 4. d4 Bf5 5. Nc3 Qd8 6. Bc4 e6 7. 0-0 Bd6 8. d5 0-0 9. dxe6 Bxe6 10. Bxe6 fxe6 11. Ng5 Qe7 12. Re1 e5 13. Nd5 Qd8 14. Ne6 Qc8 15. Nxf8 Qxf8 16. Nxf6+ Qxf6 17. Qd5+ Kh8 18. Qxb7 Nd7 19. Qxa8+ Nf8 20. Re3 h6 21. Rf3 Qe6 22. Rxf8+ Bxf8 23. Qxf8+ Kh7 24. Be3 e4 25. Rd1 Qxa2 26. Qf5+ g6 27. Rd7+ Kg8 28. Qxg6+ Kf8 29. Qg7+ Ke8 30. Qe7# 1-0

[Event "Caribbean-ch U18"]
[Site "San Salvador"]
[Date "2021.11.27"]
[Round "6"]
[White "Pastor Carvajal, Jeigoth"]
[Black "Wilson, Louis"]
[Result "1-0"]
[WhiteElo "1762"]
[BlackElo "1529"]
[PlyCount "83"]
[EventDate "2021.11.27"]
[EventType "tourn"]
[EventRounds "9"]
[EventCountry "ESA"]
[SourceTitle "EXT 2023"]
[Source "ChessBase"]
[SourceDate "2022.10.05"]
[SourceVersion "1"]
[SourceVersionDate "2022.10.05"]
[SourceQuality "1"]
[WhiteTeam "Costa Rica"]
[BlackTeam "Barbados"]
[WhiteTeamCountry "CRI"]
[BlackTeamCountry "BAR"]

1. e4 c5 2. Nc3 g6 3. Bc4 Bg7 4. Qf3 e6 5. Nb5 d6 6. Qg3 Be5 7. f4 Bg7 8. e5 dxe5 9. fxe5 Ne7 10. Nd6+ Kf8 11. Nf3 Nbc6 12. c3 Nf5 13. Nxf5 exf5 14. 0-0 Qe7 15. d4 cxd4 16. cxd4 Qb4 17. b3 Be6 18. a4 Qb6 19. Ba3+ Kg8 20. Bc5 Qc7 21. Bd6 Qb6 22. Qf2 Bxc4 23. bxc4 Rd8 24. Rfb1 Qa6 25. c5 Bf8 26. Qb2 Bxd6 27. exd6 Qd3 28. Qxb7 Nxd4 29. Qxf7+ Kxf7 30. Ne5+ Ke6 31. Nxd3 Rd7 32. Re1+ Kd5 33. Ne5 Rg7 34. Rad1 Kxc5 35. d7 Ne6 36. Nd3+ Kd5 37. Nf4+ Kc6 38. Rxe6+ Kc7 39. Re8 Rgg8 40. d8Q+ Kb7 41. Rb1+ Kc6 42. Qd5+ 1-0

[Event "Pan American-ch Hybrid U18 31st"]
[Site "Tornelo INT"]
[Date "2021.09.04"]
[Round "6"]
[White "Alvarez Mejia, Yeremy Melvin"]
[Black "Wilson, Louis"]
[Result "0-1"]
[WhiteElo "1275"]
[BlackElo "1538"]
[PlyCount "86"]
[EventDate "2021.09.04"]
[EventType "swiss"]
[EventRounds "9"]
[EventCountry "NET"]
[SourceTitle "EXT 2023"]
[Source "ChessBase"]
[SourceDate "2022.10.05"]
[SourceVersion "1"]
[SourceVersionDate "2022.10.05"]
[SourceQuality "1"]

1. e4 c5 2. Ne2 g6 3. d4 cxd4 4. Nxd4 Nc6 5. Be3 Bg7 6. Bc4 Nf6 7. Nc3 0-0 8. 0-0 d6 9. Qd2 Ng4 10. Nxc6 bxc6 11. Be2 Nxe3 12. Qxe3 Be6 13. Kh1 d5 14. Qf4 Rb8 15. exd5 cxd5 16. Rab1 Qb6 17. Na4 Qa5 18. b3 Rb4 19. Qd2 Rxa4 20. Qxa5 Rxa5 21. a4 Rc5 22. Bd3 Rfc8 23. b4 Rc3 24. b5 Ra3 25. b6 axb6 26. Rxb6 Rxa4 27. Rb7 Bf6 28. Rb5 d4 29. Rfb1 Bc4 30. Bxc4 Raxc4 31. h3 Rxc2 32. f4 d3 33. Rd5 d2 34. Kh2 Rc1 35. Rxd2 Rxb1 36. g4 Rb2 37. Rxb2 Bxb2 38. h4 Rc3 39. h5 Kg7 40. g5 gxh5 41. f5 h6 42. f6+ exf6 43. gxf6+ Kxf6 0-1

[Event "Pan American-ch Hybrid U18 31st"]
[Site "Tornelo INT"]
[Date "2021.09.04"]
[Round "4"]
[White "Wilson, Louis"]
[Black "Haynes, Aaron"]
[Result "1/2-1/2"]
[WhiteElo "1538"]
[BlackElo "1397"]
[PlyCount "48"]
[EventDate "2021.09.04"]
[EventType "swiss"]
[EventRounds "9"]
[EventCountry "NET"]
[SourceTitle "EXT 2023"]
[Source "ChessBase"]
[SourceDate "2022.10.05"]
[SourceVersion "1"]
[SourceVersionDate "2022.10.05"]
[SourceQuality "1"]

1. e4 c5 2. Nf3 g6 3. d4 cxd4 4. Nxd4 Bg7 5. Nc3 Nc6 6. Be3 Nf6 7. Bc4 0-0 8. Bb3 a5 9. 0-0 d6 10. f3 Nxd4 11. Bxd4 Bd7 12. Nd5 Nxd5 13. Bxd5 Bc6 14. Bxg7 Kxg7 15. Qd4+ Kg8 16. Rad1 Bxd5 17. exd5 Qc7 18. c3 b5 19. Rfe1 Qa7 20. Kh1 Qxd4 21. Rxd4 Rfe8 22. h3 Ra7 23. Kg1 Kf8 24. Re2 Rc8 1/2-1/2

[Event "Online Olym Div3 E"]
[Site "Chess.com INT"]
[Date "2021.08.28"]
[Round "4.5"]
[White "Wilson, Louis"]
[Black "Acheampong, Dave Quansah"]
[Result "1-0"]
[WhiteElo "1520"]
[BlackElo "1375"]
[PlyCount "51"]
[EventDate "2021.08.27"]
[EventType "team-tourn (rapid)"]
[EventRounds "9"]
[EventCountry "USA"]
[SourceTitle "CBM 204 Extra"]
[Source "ChessBase"]
[SourceDate "2021.11.30"]
[SourceVersion "1"]
[SourceVersionDate "2021.11.30"]
[SourceQuality "1"]
[WhiteTeam "Barbados"]
[BlackTeam "Ghana"]
[WhiteTeamCountry "BAR"]
[BlackTeamCountry "GHA"]

1. e4 c5 2. Nf3 d6 3. d4 cxd4 4. Nxd4 Nf6 5. Nc3 a6 6. Bc4 e6 7. Bb3 Be7 8. 0-0 0-0 9. f4 Nbd7 10. Qf3 Qc7 11. Be3 Rb8 12. Qg3 Kh8 13. Bxe6 Nc5 14. Bxc8 Rbxc8 15. Nf5 g6 16. Nxe7 Qxe7 17. Bd4 Kg8 18. Qg5 Ncd7 19. Rae1 Qd8 20. e5 dxe5 21. fxe5 Ne8 22. Qg4 Nc7 23. Ne4 Ne6 24. Bc3 b5 25. Rd1 Qc7 26. Rxd7 1-0

[Event "Online Olym Div3 E"]
[Site "Chess.com INT"]
[Date "2021.08.28"]
[Round "6.4"]
[White "Wilson, Louis"]
[Black "Gaoseb, Manfredo"]
[Result "1/2-1/2"]
[WhiteElo "1520"]
[BlackElo "1647"]
[PlyCount "180"]
[EventDate "2021.08.27"]
[EventType "team-tourn (rapid)"]
[EventRounds "9"]
[EventCountry "USA"]
[SourceTitle "CBM 204 Extra"]
[Source "ChessBase"]
[SourceDate "2021.11.30"]
[SourceVersion "1"]
[SourceVersionDate "2021.11.30"]
[SourceQuality "1"]
[WhiteTeam "Barbados"]
[BlackTeam "Namibia"]
[WhiteTeamCountry "BAR"]
[BlackTeamCountry "NAM"]

1. e4 c5 2. Nf3 d6 3. d4 cxd4 4. Nxd4 Nf6 5. Nc3 g6 6. Bc4 Bg7 7. f3 Nc6 8. Be3 Bd7 9. Bb3 Qc7 10. Qd2 0-0 11. g4 Ne5 12. 0-0-0 Nc4 13. Bxc4 Qxc4 14. h4 h5 15. gxh5 Nxh5 16. Nde2 b5 17. Kb1 Be6 18. Nf4 b4 19. Ncd5 Nxf4 20. Bxf4 Bxd5 21. exd5 Bc3 22. Qe3 Rfc8 23. Qe4 Qa6 24. Qd3 Qxd3 25. Rxd3 Bf6 26. h5 g5 27. Rg1 Kh7 28. Bxg5 Bxg5 29. Rxg5 Rg8 30. Rg4 Kh6 31. Rd2 Rxg4 32. fxg4 Rc8 33. Rd4 a5 34. Kc1 Rc7 35. Kd2 f5 36. gxf5 Kxh5 37. Rf4 Kg5 38. Rf1 Rc5 39. c3 Rxd5+ 40. Kc2 bxc3 41. bxc3 Rxf5 42. Rd1 a4 43. a3 Kf6 44. Rd4 Ra5 45. Kd3 Ke5 46. Rh4 Kd5 47. Rh5+ e5 48. Rh4 Kc5 49. Rc4+ Kd5 50. Rb4 Ra6 51. c4+ Ke6 52. Ke4 Rc6 53. Rxa4 Rc5 54. Kd3 Kf5 55. Rb4 Kf4 56. Rb5 Rc6 57. a4 Kf3 58. a5 e4+ 59. Kc3 e3 60. Kd3 Rc5 61. Rxc5 dxc5 62. a6 e2 63. a7 e1Q 64. a8Q+ Kg3 65. Qg8+ Kf4 66. Qf7+ Kg5 67. Qd5+ Kf6 68. Qf3+ Ke6 69. Qe4+ Qxe4+ 70. Kxe4 Kd6 71. Kf5 Kc6 72. Ke6 Kc7 73. Ke5 Kc6 74. Ke6 Kc7 75. Kf5 Kd7 76. Ke5 Ke7 77. Kd5 Kd7 78. Kxc5 Kc7 79. Kb5 Kb7 80. c5 Kc7 81. c6 Kc8 82. Kc5 Kc7 83. Kd5 Kc8 84. Kd6 Kd8 85. Kd5 Kc7 86. Kc5 Kc8 87. Kb5 Kc7 88. Kc5 Kc8 89. Kb6 Kb8 90. c7+ Kc8 1/2-1/2

[Event "Online Olym Div3 E"]
[Site "Chess.com INT"]
[Date "2021.08.27"]
[Round "2.5"]
[White "Glaves, Raheem"]
[Black "Wilson, Louis"]
[Result "0-1"]
[WhiteElo "2139"]
[BlackElo "1520"]
[PlyCount "94"]
[EventDate "2021.08.27"]
[EventType "team-tourn (rapid)"]
[EventRounds "9"]
[EventCountry "USA"]
[SourceTitle "CBM 204 Extra"]
[Source "ChessBase"]
[SourceDate "2021.11.30"]
[SourceVersion "1"]
[SourceVersionDate "2021.11.30"]
[SourceQuality "1"]
[WhiteTeam "Jamaica"]
[BlackTeam "Barbados"]
[WhiteTeamCountry "JAM"]
[BlackTeamCountry "BAR"]

1. d4 d5 2. Nf3 Nf6 3. Bf4 c5 4. e3 Nc6 5. c3 e6 6. Nbd2 Be7 7. Bd3 0-0 8. Ne5 Re8 9. h4 cxd4 10. exd4 Qb6 11. Rb1 Bd6 12. Ndf3 Qc7 13. Qe2 Bd7 14. h5 h6 15. g4 Bxe5 16. Nxe5 Nh7 17. Qe3 Qd8 18. Bxh6 f6 19. Ng6 e5 20. Kf1 gxh6 21. Qxh6 Ng5 22. Nh4 e4 23. Qg6+ Kh8 24. Qh6+ Kg8 25. Bc2 Qe7 26. Bb3 Be6 27. Nf5 Qf7 28. Nd6 Qg7 29. Qxg7+ Kxg7 30. Nxe8+ Rxe8 31. Rg1 Nf3 32. Ke2 Nxg1+ 33. Rxg1 Kh6 34. Ke3 Rg8 35. Kf4 f5 36. g5+ Kxh5 37. g6 Kh6 38. Rh1+ Kg7 39. Rh7+ Kf6 40. Rxb7 Na5 41. Rxa7 Nxb3 42. axb3 Rxg6 43. b4 Rg7 44. Ra8 Rh7 45. Ra6 Rh3 46. Rxe6+ Kxe6 47. b5 Kf6 0-1